Normal view
MARC view
Entry Personal Name
001 - CONTROL NUMBER
- control field: 11784
003 - CONTROL NUMBER IDENTIFIER
- control field: BD-RjUL
005 - DATE AND TIME OF LATEST TRANSACTION
- control field: 20240215113655.0
008 - FIXED-LENGTH DATA ELEMENTS
- fixed length control field: 240215|| aca||aabn | a|a d
040 ## - CATALOGING SOURCE
- Original cataloging agency: BD-RjUL
- Transcribing agency: BD-RjUL
100 ## - HEADING--PERSONAL NAME
- Personal name: আহমেদ, জুবাইর
670 ## - SOURCE DATA FOUND
- Source citation: Work cat.: (BD-RjUL)83104: আহমেদ, জুবাইর, বাংলাদেশের গণযোগাযোগে কার্টুনচিত্র /, ২০০৮